Architectural houses : City houses
| Format: | Book |
|---|---|
| Published: |
Barcelona :
Atrium ,
1992
|
| Subjects: |
MARC
| LEADER | 00000cam a2200000 7i4500 | ||
|---|---|---|---|
| 001 | 0000005273 | ||
| 002 | 000005696 | ||
| 005 | 20000330.0 | ||
| 020 | |a 8477411549 | ||
| 090 | 0 | 0 | |a 728.312 |b ARC |
| 245 | 0 | 0 | |a Architectural houses : |b City houses |
| 255 | |a 2 | ||
| 260 | |a Barcelona : |b Atrium , |c 1992 | ||
| 300 | |a 255p. : |b ARC | ||
| 650 | 0 | 0 | |a Architecture, Domestic |
| 999 | |a 033650 |b BUKU |c PINJAMAN |e PERPUSTAKAAN KOMUNITI PETALING JAYA | ||